000 00673nam a2200229 a 4500
001 BRL_1891
005 20190320211424.0
008 130815s1966----mx-ao#####---#000-0#spa-#
041 _aspa
044 _amx
050 4 _aF1219
_b.T73 1966
245 1 0 _aTraducciones mesoamericanistas
260 _aMéxico
_bSociedad Mexicana de Antropología
_c1966
300 _av.
_bil.
_c24 cm.
500 _at.1 Au1950
504 _aBibliografía: p. 302-313
650 1 4 _aIndígenas de México
_xAntigüedades
_9509
650 1 4 _aIndígenas de América Central
_xAntigüedades
_923850
710 2 _aSociedad Mexicana de Antropologiìa
_928172
902 _aGRL
942 _2lcc
_cB
999 _c10699
_d10699